[Event "EYCC 2024 - O14"]
[Site "?"]
[Date "2024.08.30"]
[Round "8.8"]
[White "Dumbelovic, Novak"]
[Black "Rudlof, Adam"]
[Result "1-0"]
[BlackElo "1943"]
[WhiteElo "2144"]
[LiveChessVersion "1.4.8"]

1. e4 {[%clk 1:30:56]} c5 {[%clk 1:30:52]} 2. Nf3 {[%clk 1:30:56]} Nc6
{[%clk 1:31:13]} 3. d4 {[%clk 1:31:22]} cxd4 {[%clk 1:31:18]} 4. Nxd4
{[%clk 1:31:48]} Nf6 {[%clk 1:31:02]} 5. Nc3 {[%clk 1:32:15]} d6 {[%clk 1:31:23]}
6. Bg5 {[%clk 1:30:31]} e6 {[%clk 1:31:00]} 7. Qd2 {[%clk 1:30:47]} a6
{[%clk 1:31:13]} 8. O-O-O {[%clk 1:31:05]} Bd7 {[%clk 1:31:28]} 9. f4
{[%clk 1:31:17]} Be7 {[%clk 1:26:45]} 10. Nf3 {[%clk 1:31:37]} b5
{[%clk 1:26:55]} 11. Bxf6 {[%clk 1:32:03]} gxf6 {[%clk 1:27:11]} 12. Kb1
{[%clk 1:26:48]} Rc8 {[%clk 1:19:04]} 13. Bd3 {[%clk 1:19:34]} Na5
{[%clk 1:17:37]} 14. f5 {[%clk 1:15:46]} Nc4 {[%clk 0:53:35]} 15. Qc1
{[%clk 1:04:14]} Na3+ {[%clk 0:43:12]} 16. Ka1 {[%clk 1:01:43]} b4
{[%clk 0:36:22]} 17. Ne2 {[%clk 0:57:56]} Nb5 {[%clk 0:35:23]} 18. fxe6
{[%clk 0:44:42]} fxe6 {[%clk 0:35:00]} 19. Qh6 {[%clk 0:40:25]} Qa5
{[%clk 0:23:42]} 20. Nf4 {[%clk 0:30:16]} Rc5 {[%clk 0:13:05]} 21. Nd2
{[%clk 0:17:43]} Nd4 {[%clk 0:04:02]} 22. Kb1 {[%clk 0:13:04]} Bb5
{[%clk 0:01:38]} 23. Nb3 {[%clk 0:13:07]} Nxb3 24. cxb3 {[%clk 0:12:55]} Bxd3+
{[%clk 0:01:46]} 25. Rxd3 {[%clk 0:09:41]} Kd7 {[%clk 0:01:17]} 26. Rhd1
{[%clk 0:08:54]} Rg5 {[%clk 0:01:23]} 27. Qh3 {[%clk 0:06:41]} Qe5
{[%clk 0:01:29]} 28. Qe3 {[%clk 0:06:03]} Rc8 {[%clk 0:01:14]} 29. Rd5
{[%clk 0:02:43]} exd5 {[%clk 0:01:17]} 30. Rxd5 {[%clk 0:03:12]} Rc5
{[%clk 0:01:25]} 31. Rxe5 {[%clk 0:03:35]} fxe5 {[%clk 0:01:22]} 32. Qh3+
{[%clk 0:04:00]} Kc6 {[%clk 0:00:50]} 33. Qc8+ {[%clk 0:04:02]} Kb6
{[%clk 0:00:59]} 34. Qb8+ {[%clk 0:04:30]} Kc6 {[%clk 0:00:45]} 35. Ne6
{[%clk 0:04:42]} Rxg2 {[%clk 0:00:54]} 36. Qc7+ {[%clk 0:05:08]} Kb5
{[%clk 0:01:07]} 37. Qb7+ {[%clk 0:05:36]} Ka5 {[%clk 0:01:11]} 38. Nxc5
{[%clk 0:06:03]} Rg1+ {[%clk 0:01:15]} 39. Kc2 {[%clk 0:06:29]} Rg2+
{[%clk 0:01:41]} 40. Kd1 {[%clk 0:06:20]} Rg1+ {[%clk 0:01:42]} 41. Ke2
{[%clk 0:06:47]} dxc5 {[%clk 0:01:49]} 42. Qxe7 {[%clk 0:07:13]} Rg2+ 43. Kf3
{[%clk 0:07:40]} Rc2 {[%clk 0:02:33]} 44. Qxe5 {[%clk 0:07:53]} h5
{[%clk 0:02:58]} 45. Qxh5 {[%clk 0:08:19]} Rc1 {[%clk 0:03:12]} 46. Ke3
{[%clk 0:08:44]} Kb5 {[%clk 0:03:21]} 47. Qd5 {[%clk 0:09:09]} 1-0

[Event "EYCC 2024 - O14"]
[Site "?"]
[Date "2024.08.30"]
[Round "8.9"]
[White "Ahn, Maximilian"]
[Black "Myagmarsuren, Evsuld"]
[Result "1/2-1/2"]
[BlackElo "2142"]
[WhiteElo "1934"]
[LiveChessVersion "1.4.8"]

1. d4 {[%clk 1:30:57]} d5 {[%clk 1:30:55]} 2. Nc3 {[%clk 1:31:22]} Nf6
{[%clk 1:31:09]} 3. Bf4 {[%clk 1:31:44]} c5 {[%clk 1:31:15]} 4. e3
{[%clk 1:32:01]} a6 {[%clk 1:29:54]} 5. Nf3 {[%clk 1:32:10]} Nc6 {[%clk 1:29:31]}
6. Ne5 {[%clk 1:30:26]} e6 {[%clk 1:25:14]} 7. Nxc6 {[%clk 1:23:47]} bxc6
{[%clk 1:25:25]} 8. Na4 {[%clk 1:22:46]} cxd4 {[%clk 1:22:28]} 9. exd4
{[%clk 1:22:31]} Bd6 {[%clk 1:15:46]} 10. Bxd6 {[%clk 1:16:55]} Qxd6
{[%clk 1:16:07]} 11. Bd3 {[%clk 1:11:40]} O-O {[%clk 1:16:00]} 12. O-O
{[%clk 1:10:56]} Nd7 {[%clk 1:14:54]} 13. c4 {[%clk 1:04:02]} c5 {[%clk 1:03:37]}
14. Nxc5 {[%clk 0:55:43]} Nxc5 {[%clk 1:03:14]} 15. dxc5 {[%clk 0:55:51]} Qxc5
{[%clk 1:03:16]} 16. cxd5 {[%clk 0:48:12]} Qxd5 {[%clk 0:58:03]} 17. Be2
{[%clk 0:47:42]} Bb7 {[%clk 0:55:02]} 18. Bf3 {[%clk 0:42:53]} Qxd1
{[%clk 0:51:29]} 19. Rfxd1 {[%clk 0:42:48]} Bxf3 {[%clk 0:50:55]} 20. gxf3
{[%clk 0:43:10]} g6 {[%clk 0:47:40]} 21. Rd7 {[%clk 0:43:07]} Rfd8
{[%clk 0:48:02]} 22. Rad1 {[%clk 0:43:12]} Rxd7 {[%clk 0:48:18]} 23. Rxd7
{[%clk 0:43:36]} Rc8 {[%clk 0:48:37]} 24. Ra7 {[%clk 0:43:19]} Rc2
{[%clk 0:46:58]} 25. Rxa6 {[%clk 0:43:26]} Rxb2 {[%clk 0:47:23]} 26. Ra8+
{[%clk 0:42:57]} Kg7 {[%clk 0:47:48]} 27. a4 {[%clk 0:42:40]} Ra2
{[%clk 0:48:09]} 28. a5 {[%clk 0:42:43]} Kf6 {[%clk 0:47:48]} 29. a6
{[%clk 0:42:43]} h5 {[%clk 0:48:11]} 30. h3 {[%clk 0:40:14]} h4 {[%clk 0:40:36]}
31. Ra7 {[%clk 0:38:14]} Ra1+ {[%clk 0:37:31]} 32. Kg2 {[%clk 0:38:24]} Ra3
{[%clk 0:37:44]} 33. Ra8 {[%clk 0:37:28]} g5 {[%clk 0:37:02]} 34. Ra7
{[%clk 0:37:15]} Kg6 {[%clk 0:37:26]} 35. Ra8 {[%clk 0:36:52]} Kf5
{[%clk 0:37:33]} 36. Rf8 {[%clk 0:35:43]} f6 {[%clk 0:35:29]} 37. Ra8
{[%clk 0:35:46]} Ke5 {[%clk 0:30:01]} 38. a7 {[%clk 0:35:36]} Ra1
{[%clk 0:29:37]} 39. Kh2 {[%clk 0:35:25]} f5 {[%clk 0:26:34]} 40. Kg2
{[%clk 0:30:50]} Ra2 {[%clk 0:25:23]} 41. Rg8 {[%clk 0:26:41]} Rxa7
{[%clk 0:25:47]} 42. Rxg5 {[%clk 0:27:01]} Kf4 {[%clk 0:25:25]} 43. Rg6
{[%clk 0:24:11]} Re7 {[%clk 0:25:00]} 44. Rg8 {[%clk 0:24:06]} e5
{[%clk 0:22:30]} 45. Rg6 {[%clk 0:24:04]} Re8 {[%clk 0:22:46]} 46. Rg7
{[%clk 0:24:07]} Re6 {[%clk 0:23:00]} 47. Rg8 {[%clk 0:24:23]} Rh6
{[%clk 0:23:27]} 48. Rg7 {[%clk 0:23:58]} Rh5 {[%clk 0:23:46]} 49. Re7
{[%clk 0:23:43]} Rg5+ {[%clk 0:24:02]} 50. Kf1 {[%clk 0:23:50]} Rg6
{[%clk 0:24:26]} 51. Re8 {[%clk 0:23:48]} Kxf3 {[%clk 0:24:23]} 52. Rxe5
{[%clk 0:23:59]} f4 {[%clk 0:23:42]} 53. Ra5 {[%clk 0:24:12]} Rd6
{[%clk 0:23:39]} 54. Ra3+ {[%clk 0:24:18]} Ke4 {[%clk 0:24:03]} 55. f3+
{[%clk 0:23:15]} Ke5 {[%clk 0:24:26]} 56. Ke2 {[%clk 0:23:29]} Rb6
{[%clk 0:24:01]} 57. Ra5+ {[%clk 0:23:30]} Kd4 {[%clk 0:24:25]} 58. Ra4+
{[%clk 0:23:51]} Ke5 {[%clk 0:24:50]} 59. Ra5+ {[%clk 0:24:09]} Kd4 1/2-1/2

[Event "EYCC 2024 - O14"]
[Site "?"]
[Date "2024.08.30"]
[Round "8.10"]
[White "Merkouropoulos, Dionysios"]
[Black "Laignel, Quentin"]
[Result "1/2-1/2"]
[BlackElo "2101"]
[WhiteElo "1963"]
[LiveChessVersion "1.4.8"]

1. d4 {[%clk 1:30:55]} Nf6 {[%clk 1:30:39]} 2. c4 {[%clk 1:31:09]} e6
{[%clk 1:30:49]} 3. Nc3 {[%clk 1:31:28]} Bb4 {[%clk 1:30:32]} 4. e3
{[%clk 1:31:33]} O-O {[%clk 1:30:06]} 5. Bd3 {[%clk 1:31:53]} d5 {[%clk 1:28:32]}
6. a3 {[%clk 1:30:58]} Bxc3+ {[%clk 1:27:42]} 7. bxc3 {[%clk 1:31:27]} dxc4
{[%clk 1:27:32]} 8. Bxc4 {[%clk 1:31:47]} c5 {[%clk 1:27:13]} 9. Ne2
{[%clk 1:31:06]} Qc7 {[%clk 1:21:52]} 10. Bd3 {[%clk 1:30:40]} e5
{[%clk 1:12:57]} 11. dxe5 {[%clk 1:26:12]} Qxe5 {[%clk 1:13:13]} 12. Rb1
{[%clk 1:16:27]} Nc6 {[%clk 1:02:11]} 13. c4 {[%clk 1:01:55]} Rd8
{[%clk 0:52:47]} 14. Qc2 {[%clk 0:58:46]} Rxd3 {[%clk 0:36:29]} 15. Qxd3
{[%clk 0:58:38]} Bf5 {[%clk 0:36:52]} 16. Qb3 {[%clk 0:58:41]} Bxb1
{[%clk 0:36:45]} 17. Qxb1 {[%clk 0:51:00]} b6 {[%clk 0:35:50]} 18. O-O
{[%clk 0:49:57]} Qe4 {[%clk 0:27:09]} 19. Qb5 {[%clk 0:44:11]} Na5
{[%clk 0:26:45]} 20. Bb2 {[%clk 0:44:17]} Ne8 {[%clk 0:24:34]} 21. Nf4
{[%clk 0:39:04]} Nd6 {[%clk 0:22:05]} 22. Qd7 {[%clk 0:37:38]} Naxc4
{[%clk 0:21:57]} 23. Ba1 {[%clk 0:36:17]} Qf5 {[%clk 0:21:47]} 24. Qc7
{[%clk 0:35:38]} Qc8 {[%clk 0:21:27]} 25. Qe7 {[%clk 0:35:45]} Qd8
{[%clk 0:21:47]} 26. Qxd8+ {[%clk 0:35:30]} Rxd8 {[%clk 0:22:11]} 27. a4
{[%clk 0:35:39]} a6 {[%clk 0:20:12]} 28. Rd1 {[%clk 0:34:08]} Nb7
{[%clk 0:18:52]} 29. Rxd8+ {[%clk 0:33:23]} Nxd8 {[%clk 0:19:14]} 30. Kf1
{[%clk 0:32:35]} Ne6 {[%clk 0:17:04]} 31. Nd5 {[%clk 0:32:24]} b5
{[%clk 0:16:22]} 32. axb5 {[%clk 0:30:27]} axb5 {[%clk 0:16:46]} 33. Ke2
{[%clk 0:29:09]} f6 {[%clk 0:16:11]} 34. Kd3 {[%clk 0:23:14]} Kf7
{[%clk 0:16:14]} 35. f4 {[%clk 0:21:36]} Na5 {[%clk 0:15:06]} 36. f5
{[%clk 0:17:19]} Nd8 {[%clk 0:14:22]} 37. Nc7 {[%clk 0:17:07]} b4
{[%clk 0:14:34]} 38. Na6 {[%clk 0:16:01]} c4+ {[%clk 0:14:26]} 39. Kd4
{[%clk 0:13:45]} Ndc6+ {[%clk 0:14:08]} 40. Kc5 {[%clk 0:11:29]} Nb3+
{[%clk 0:06:09]} 41. Kxc6 {[%clk 0:11:57]} Nxa1 {[%clk 0:06:06]} 42. Nxb4
{[%clk 0:12:25]} c3 {[%clk 0:06:21]} 43. Na2 {[%clk 0:11:18]} Nc2
{[%clk 0:06:36]} 44. e4 {[%clk 0:11:01]} Nd4+ {[%clk 0:03:38]} 45. Kd5
{[%clk 0:11:13]} Ne2 {[%clk 0:03:57]} 46. Nb4 {[%clk 0:11:31]} Nf4+
{[%clk 0:04:08]} 47. Kd4 {[%clk 0:11:05]} Nxg2 {[%clk 0:04:14]} 48. Kxc3
{[%clk 0:11:29]} Nh4 {[%clk 0:04:05]} 49. Kd3 {[%clk 0:10:38]} Nf3
{[%clk 0:04:27]} 50. h3 {[%clk 0:10:59]} g5 {[%clk 0:04:21]} 51. fxg6+
{[%clk 0:10:58]} Kxg6 {[%clk 0:04:16]} 52. Ke3 {[%clk 0:11:08]} Ng5
{[%clk 0:04:01]} 53. h4 {[%clk 0:11:13]} Nf7 {[%clk 0:03:57]} 54. Nd5
{[%clk 0:11:10]} Ne5 {[%clk 0:04:10]} 55. Kf4 {[%clk 0:11:33]} Nd3+
{[%clk 0:04:32]} 56. Ke3 {[%clk 0:11:57]} Ne5 {[%clk 0:04:56]} 57. Kf4
{[%clk 0:12:24]} Nd3+ {[%clk 0:05:10]} 58. Ke3 {[%clk 0:12:51]} Ne5
{[%clk 0:05:30]} 1/2-1/2

[Event "EYCC 2024 - O14"]
[Site "?"]
[Date "2024.08.30"]
[Round "8.11"]
[White "Shykhnenko, Hryhorii"]
[Black "Boulos, Paul"]
[Result "0-1"]
[BlackElo "2083"]
[WhiteElo "1925"]
[LiveChessVersion "1.4.8"]

1. d4 {[%clk 1:30:58]} d5 {[%clk 1:30:56]} 2. Nf3 {[%clk 1:31:05]} Nf6
{[%clk 1:31:21]} 3. g3 {[%clk 1:31:08]} e6 {[%clk 1:31:46]} 4. Bg2
{[%clk 1:31:33]} Be7 {[%clk 1:32:07]} 5. O-O {[%clk 1:31:44]} O-O
{[%clk 1:32:32]} 6. c4 {[%clk 1:32:09]} a5 {[%clk 1:32:49]} 7. Qc2
{[%clk 1:30:24]} Nc6 {[%clk 1:32:17]} 8. a3 {[%clk 1:29:03]} a4 {[%clk 1:22:19]}
9. Bg5 {[%clk 1:13:07]} Ne4 {[%clk 1:09:14]} 10. Bxe7 {[%clk 1:12:30]} Qxe7
{[%clk 1:09:34]} 11. e3 {[%clk 1:10:24]} Rd8 {[%clk 0:58:03]} 12. Nbd2
{[%clk 1:06:31]} Nxd2 {[%clk 0:57:00]} 13. Nxd2 {[%clk 1:06:53]} Nb8
{[%clk 0:48:21]} 14. Rac1 {[%clk 1:05:21]} c6 {[%clk 0:48:19]} 15. Nf3
{[%clk 0:59:39]} Nd7 {[%clk 0:46:11]} 16. Rfd1 {[%clk 0:58:33]} Nb6
{[%clk 0:43:15]} 17. Nd2 {[%clk 0:53:10]} g6 {[%clk 0:38:51]} 18. h4
{[%clk 0:46:59]} e5 {[%clk 0:34:15]} 19. dxe5 {[%clk 0:40:07]} Bg4
{[%clk 0:30:30]} 20. Re1 {[%clk 0:28:53]} Qxe5 {[%clk 0:28:12]} 21. cxd5
{[%clk 0:29:08]} Nxd5 {[%clk 0:25:31]} 22. Nc4 {[%clk 0:27:57]} Qe6
{[%clk 0:23:10]} 23. e4 {[%clk 0:26:25]} Nf6 {[%clk 0:21:55]} 24. Nb6
{[%clk 0:24:29]} Rab8 {[%clk 0:18:50]} 25. Nxa4 {[%clk 0:24:49]} Nd7
{[%clk 0:16:58]} 26. Nc5 {[%clk 0:19:49]} Nxc5 {[%clk 0:16:01]} 27. Qxc5
{[%clk 0:20:17]} Rd2 {[%clk 0:16:01]} 28. Rc2 {[%clk 0:18:24]} Rd3
{[%clk 0:14:42]} 29. Re3 {[%clk 0:13:37]} Rd1+ {[%clk 0:13:03]} 30. Kh2
{[%clk 0:14:05]} Rbd8 {[%clk 0:12:47]} 31. f3 {[%clk 0:12:11]} Bh3
{[%clk 0:12:41]} 32. Bxh3 {[%clk 0:12:17]} Rh1+ {[%clk 0:12:55]} 0-1

[Event "EYCC 2024 - O14"]
[Site "?"]
[Date "2024.08.30"]
[Round "8.12"]
[White "Martinovic, David"]
[Black "Sandmann, Villads Majvang"]
[Result "0-1"]
[BlackElo "2068"]
[WhiteElo "1917"]
[LiveChessVersion "1.4.8"]

1. e4 {[%clk 1:30:58]} c5 {[%clk 1:30:56]} 2. Nf3 {[%clk 1:31:22]} d6
{[%clk 1:31:23]} 3. d4 {[%clk 1:31:47]} cxd4 {[%clk 1:31:49]} 4. Nxd4
{[%clk 1:32:12]} Nf6 {[%clk 1:32:14]} 5. Nc3 {[%clk 1:32:36]} a6 {[%clk 1:32:40]}
6. Be3 {[%clk 1:32:45]} e5 {[%clk 1:33:05]} 7. Nb3 {[%clk 1:33:11]} Be7
{[%clk 1:33:31]} 8. f3 {[%clk 1:33:23]} Be6 {[%clk 1:33:52]} 9. Qd2
{[%clk 1:33:27]} h5 {[%clk 1:33:41]} 10. Nd5 {[%clk 1:33:13]} Nxd5
{[%clk 1:33:34]} 11. exd5 {[%clk 1:33:41]} Bf5 {[%clk 1:33:56]} 12. Na5
{[%clk 1:32:21]} Qc7 {[%clk 1:25:01]} 13. a4 {[%clk 1:31:38]} Nd7
{[%clk 1:13:49]} 14. c4 {[%clk 1:26:42]} Bh4+ {[%clk 1:05:24]} 15. g3
{[%clk 1:25:11]} Be7 {[%clk 1:05:27]} 16. Be2 {[%clk 1:20:24]} h4
{[%clk 1:00:00]} 17. g4 {[%clk 1:07:49]} Bg6 {[%clk 1:00:13]} 18. h3
{[%clk 1:05:55]} O-O {[%clk 0:51:57]} 19. O-O {[%clk 1:04:43]} f5
{[%clk 0:46:37]} 20. Kh2 {[%clk 1:00:00]} f4 {[%clk 0:44:42]} 21. Bg1
{[%clk 0:59:46]} Bg5 {[%clk 0:39:22]} 22. b4 {[%clk 0:55:01]} e4 {[%clk 0:35:30]}
23. Bd4 {[%clk 0:51:19]} Rae8 {[%clk 0:31:00]} 24. c5 {[%clk 0:48:28]} Ne5
{[%clk 0:21:57]} 25. cxd6 {[%clk 0:46:27]} Qd7 {[%clk 0:22:02]} 26. Bxe5
{[%clk 0:36:51]} Rxe5 {[%clk 0:21:07]} 27. Nc4 {[%clk 0:36:45]} Ree8
{[%clk 0:20:53]} 28. Ra3 {[%clk 0:30:11]} exf3 {[%clk 0:18:03]} 29. Bxf3
{[%clk 0:30:08]} Be4 {[%clk 0:16:52]} 30. Qd4 {[%clk 0:23:45]} Bxf3
{[%clk 0:16:38]} 31. Rfxf3 {[%clk 0:17:25]} Re2+ {[%clk 0:15:11]} 32. Rf2
{[%clk 0:17:12]} Rxf2+ {[%clk 0:14:13]} 33. Qxf2 {[%clk 0:17:39]} b5
{[%clk 0:13:22]} 34. axb5 {[%clk 0:16:51]} axb5 {[%clk 0:13:09]} 35. Ra7
{[%clk 0:16:19]} Qd8 {[%clk 0:12:34]} 36. Na3 {[%clk 0:04:17]} Qxd6
{[%clk 0:05:19]} 37. Nxb5 {[%clk 0:04:45]} Qb8 {[%clk 0:04:31]} 38. Ra5
{[%clk 0:00:35]} f3+ {[%clk 0:03:11]} 39. d6 {[%clk 0:00:38]} Bf4+
{[%clk 0:02:33]} 40. Kg1 {[%clk 0:00:38]} Qe8 {[%clk 0:01:49]} 41. Nc7
{[%clk 0:00:40]} Qe4 {[%clk 0:01:40]} 42. Ra3 {[%clk 0:00:33]} Bg3
{[%clk 0:01:33]} 43. Qa2+ {[%clk 0:00:35]} Kh8 {[%clk 0:01:50]} 44. Rxf3
{[%clk 0:00:32]} Qxf3 {[%clk 0:02:10]} 45. Ne6 {[%clk 0:00:37]} Qf1#
{[%clk 0:02:33]} 0-1

[Event "EYCC 2024 - O14"]
[Site "?"]
[Date "2024.08.30"]
[Round "8.13"]
[White "Ghazaryan, Narek E."]
[Black "Gvasalia, Gaga"]
[Result "1/2-1/2"]
[BlackElo "1820"]
[WhiteElo "2057"]
[LiveChessVersion "1.4.8"]

1. d4 {[%clk 1:30:57]} Nf6 {[%clk 1:30:54]} 2. c4 {[%clk 1:31:24]} e6
{[%clk 1:31:20]} 3. Nc3 {[%clk 1:31:52]} Bb4 {[%clk 1:31:43]} 4. Nf3
{[%clk 1:32:19]} c5 {[%clk 1:32:06]} 5. g3 {[%clk 1:32:43]} Nc6 {[%clk 1:32:30]}
6. Bg2 {[%clk 1:32:39]} Ne4 {[%clk 1:32:53]} 7. Qd3 {[%clk 1:24:20]} cxd4
{[%clk 1:33:05]} 8. Nxd4 {[%clk 1:24:44]} Nxc3 {[%clk 1:33:31]} 9. bxc3
{[%clk 1:25:09]} Ne5 {[%clk 1:33:58]} 10. Qc2 {[%clk 1:25:18]} Be7
{[%clk 1:34:20]} 11. Qb3 {[%clk 1:25:19]} O-O {[%clk 1:34:41]} 12. Bf4
{[%clk 1:24:12]} Qc7 {[%clk 1:35:05]} 13. Nf3 {[%clk 1:22:22]} Nxf3+
{[%clk 1:11:24]} 14. Bxf3 {[%clk 1:22:44]} d6 {[%clk 1:11:17]} 15. O-O
{[%clk 1:18:57]} Rb8 {[%clk 1:10:12]} 16. Rfd1 {[%clk 1:01:12]} b6
{[%clk 1:09:55]} 17. Rd2 {[%clk 0:51:44]} Bb7 {[%clk 0:59:07]} 18. Rad1
{[%clk 0:41:51]} e5 {[%clk 0:48:58]} 19. Be3 {[%clk 0:42:12]} Bxf3
{[%clk 0:13:47]} 20. exf3 {[%clk 0:42:37]} Rfc8 {[%clk 0:14:13]} 21. c5
{[%clk 0:40:34]} bxc5 {[%clk 0:12:38]} 22. Qc4 {[%clk 0:40:53]} Rd8
{[%clk 0:08:40]} 23. f4 {[%clk 0:40:20]} exf4 {[%clk 0:01:40]} 24. Bxf4
{[%clk 0:40:45]} Bf8 {[%clk 0:01:57]} 25. Rd5 {[%clk 0:40:28]} Rb2
{[%clk 0:01:47]} 26. h4 {[%clk 0:29:05]} h6 {[%clk 0:00:41]} 27. Bc1
{[%clk 0:28:29]} Rb1 {[%clk 0:00:42]} 28. Qe4 {[%clk 0:25:37]} Ra1
{[%clk 0:00:36]} 29. Kh2 {[%clk 0:17:36]} Rxa2 {[%clk 0:00:44]} 30. Be3
{[%clk 0:18:00]} Qe7 {[%clk 0:00:40]} 31. Qb1 {[%clk 0:13:55]} Ra5
{[%clk 0:00:39]} 32. Bf4 {[%clk 0:12:09]} Qf6 {[%clk 0:00:37]} 33. Kg1
{[%clk 0:09:34]} Qxc3 {[%clk 0:00:36]} 34. Bd2 {[%clk 0:09:44]} Qa3
{[%clk 0:00:54]} 35. Bxa5 {[%clk 0:09:36]} Qxa5 {[%clk 0:01:23]} 36. Rf5
{[%clk 0:09:14]} Qc7 {[%clk 0:01:12]} 37. Qa2 {[%clk 0:08:31]} c4
{[%clk 0:01:05]} 38. Ra5 {[%clk 0:08:14]} Rd7 {[%clk 0:01:10]} 39. Rd4
{[%clk 0:05:00]} d5 {[%clk 0:01:12]} 40. Raxd5 {[%clk 0:04:38]} Rxd5
{[%clk 0:01:38]} 41. Rxd5 {[%clk 0:05:05]} c3 {[%clk 0:02:06]} 42. Qc2
{[%clk 0:04:59]} a5 {[%clk 0:01:35]} 43. Rd3 {[%clk 0:03:48]} Bb4
{[%clk 0:02:04]} 44. Re3 {[%clk 0:03:52]} g6 {[%clk 0:01:49]} 45. Kh2
{[%clk 0:03:33]} a4 {[%clk 0:00:40]} 46. Re4 {[%clk 0:03:22]} Qc5
{[%clk 0:00:35]} 47. Re2 {[%clk 0:02:51]} Qc4 {[%clk 0:00:35]} 48. Re4
{[%clk 0:01:56]} Qc5 {[%clk 0:00:33]} 49. Re2 {[%clk 0:02:03]} a3
{[%clk 0:01:02]} 50. Qe4 {[%clk 0:01:46]} Kg7 {[%clk 0:00:42]} 51. Qd3
{[%clk 0:01:56]} h5 {[%clk 0:00:35]} 52. Qe4 {[%clk 0:01:57]} Qd6
{[%clk 0:00:40]} 53. Qc4 {[%clk 0:00:46]} Qc5 {[%clk 0:00:35]} 54. Qe4
{[%clk 0:01:00]} Kh7 {[%clk 0:00:46]} 55. Qd3 {[%clk 0:01:08]} Ba5
{[%clk 0:00:38]} 56. Qe4 {[%clk 0:00:56]} Qf5 {[%clk 0:00:35]} 57. Qc4
{[%clk 0:00:45]} 1/2-1/2

[Event "EYCC 2024 - O14"]
[Site "?"]
[Date "2024.08.30"]
[Round "8.14"]
[White "Roubal, Matyas"]
[Black "Shevchenko, Yaroslav"]
[Result "1/2-1/2"]
[BlackElo "2038"]
[WhiteElo "1916"]
[LiveChessVersion "1.4.8"]

1. e4 {[%clk 1:30:57]} e6 {[%clk 1:30:51]} 2. d4 {[%clk 1:31:20]} d5
{[%clk 1:31:13]} 3. Nc3 {[%clk 1:31:31]} Bb4 {[%clk 1:31:33]} 4. Nge2
{[%clk 1:31:56]} dxe4 {[%clk 1:31:35]} 5. a3 {[%clk 1:32:21]} Bxc3+
{[%clk 1:31:07]} 6. Nxc3 {[%clk 1:32:44]} Nf6 {[%clk 1:20:33]} 7. Bg5
{[%clk 1:26:56]} h6 8. Bxf6 {[%clk 1:27:06]} Qxf6 {[%clk 1:19:49]} 9. Nxe4
{[%clk 1:27:29]} Qe7 {[%clk 1:19:48]} 10. Bd3 {[%clk 1:22:54]} Bd7
{[%clk 1:17:31]} 11. O-O {[%clk 1:21:00]} Bc6 {[%clk 1:15:03]} 12. Re1
{[%clk 1:19:17]} O-O {[%clk 1:14:24]} 13. Nd2 {[%clk 1:15:02]} Nd7
{[%clk 1:11:45]} 14. Be4 {[%clk 1:14:25]} Bxe4 {[%clk 1:11:02]} 15. Nxe4
{[%clk 1:14:02]} Nf6 {[%clk 1:09:45]} 16. Nxf6+ {[%clk 1:14:05]} Qxf6
{[%clk 1:10:12]} 17. c3 {[%clk 1:14:25]} Rfd8 {[%clk 1:09:22]} 18. Qe2
{[%clk 1:11:15]} Rd5 {[%clk 1:08:38]} 19. Qc4 {[%clk 1:05:26]} c6
{[%clk 1:08:11]} 20. Re2 {[%clk 1:05:07]} Rad8 {[%clk 1:06:46]} 21. Rae1
{[%clk 1:05:04]} Rf5 {[%clk 1:06:40]} 22. Qb3 {[%clk 1:03:41]} Rd7
{[%clk 1:06:30]} 23. Qc2 {[%clk 1:03:13]} Rdd5 {[%clk 1:06:04]} 24. Re3
{[%clk 1:02:43]} h5 {[%clk 1:05:07]} 25. Qe2 {[%clk 1:01:08]} h4 {[%clk 1:02:31]}
26. h3 {[%clk 0:56:00]} Rg5 {[%clk 1:00:20]} 27. Re4 {[%clk 0:54:21]} a5
{[%clk 0:47:50]} 28. Rg4 {[%clk 0:51:45]} Rxg4 {[%clk 0:45:55]} 29. Qxg4
{[%clk 0:52:06]} Rf5 {[%clk 0:46:09]} 30. Qe2 {[%clk 0:51:47]} a4
{[%clk 0:46:13]} 31. Qc2 {[%clk 0:50:59]} b5 {[%clk 0:46:17]} 32. Re2
{[%clk 0:50:44]} e5 {[%clk 0:43:35]} 33. dxe5 {[%clk 0:50:55]} Rxe5
{[%clk 0:43:58]} 34. Qd3 {[%clk 0:49:24]} Rxe2 {[%clk 0:40:36]} 35. Qxe2
{[%clk 0:49:49]} g5 {[%clk 0:40:41]} 36. Qg4 {[%clk 0:48:37]} Kh7
{[%clk 0:39:40]} 37. Qe4+ {[%clk 0:45:53]} Kg7 {[%clk 0:39:22]} 38. Qg4
{[%clk 0:45:50]} Qe5 {[%clk 0:37:56]} 39. Qd1 {[%clk 0:45:08]} Qf4
{[%clk 0:36:26]} 40. Qe2 {[%clk 0:44:20]} Kf6 {[%clk 0:34:12]} 41. Qd1
{[%clk 0:43:35]} Ke7 {[%clk 0:34:05]} 42. Qe2+ {[%clk 0:41:13]} Kd7
{[%clk 0:34:23]} 43. Qd3+ {[%clk 0:39:48]} Kc7 {[%clk 0:34:31]} 44. Qd1
{[%clk 0:39:57]} f6 {[%clk 0:34:37]} 45. Qe2 {[%clk 0:40:07]} Kb6
{[%clk 0:34:33]} 46. Qd1 {[%clk 0:38:42]} Kc5 {[%clk 0:34:16]} 47. Qd3
{[%clk 0:37:50]} Qc1+ {[%clk 0:30:51]} 48. Kh2 {[%clk 0:38:18]} Qf4+
{[%clk 0:31:12]} 49. Kg1 {[%clk 0:38:43]} Qe5 {[%clk 0:31:13]} 50. Kf1
{[%clk 0:36:21]} f5 {[%clk 0:26:34]} 51. f3 Qf4 {[%clk 0:21:52]} 52. Ke2
{[%clk 0:34:23]} Qc4 {[%clk 0:19:44]} 53. Qxc4+ {[%clk 0:31:34]} Kxc4
{[%clk 0:19:27]} 54. Kd2 {[%clk 0:31:44]} Kb3 {[%clk 0:18:14]} 55. Kc1
{[%clk 0:32:10]} c5 {[%clk 0:18:37]} 56. Kb1 {[%clk 0:32:36]} b4 {[%clk 0:18:42]}
57. cxb4 {[%clk 0:32:49]} cxb4 {[%clk 0:19:11]} 58. axb4 {[%clk 0:33:09]} Kxb4
{[%clk 0:19:37]} 1/2-1/2